Vývoz do Polska

Objem česko-poľského obchodu vzrástol od roku 1989 takmer trojnásobne. Vývoz ČR do Poľska a jeho tovarová štruktúra. Tabuľka tovarov vyvážaných do Poľska v kapitolách a podkapitolách colného sadzobníku za roky 1995-1999.

Salvato in:
Dettagli Bibliografici
Autore principale: Straka, Miloš
Natura: Capitolo di libro
Lingua:ceco
Soggetti:
Tags: Aggiungi Tag
Nessun Tag, puoi essere il primo ad aggiungerne!!

MARC

LEADER 00000naa a2200000 4500
001 r039201
005 20230908092350.5
041 0 |a cze 
044 |a CZ 
245 1 0 |a Vývoz do Polska  |c Miloš Straka 
520 |a Objem česko-poľského obchodu vzrástol od roku 1989 takmer trojnásobne. Vývoz ČR do Poľska a jeho tovarová štruktúra. Tabuľka tovarov vyvážaných do Poľska v kapitolách a podkapitolách colného sadzobníku za roky 1995-1999. 
610 2 0 |a vývoz 
610 2 0 |a partneri obchodní 
610 2 0 |a Česko 
610 2 0 |a tovar 
610 2 0 |a styk zahraničnoobchodný 
610 2 0 |a 1995-1999 
610 2 0 |a Poľsko 
610 2 0 |a bilancia obchodná 
610 2 0 |a štruktúra vývozu 
610 2 0 |a obchod zahraničný 
100 1 |a Straka, Miloš